Normal view
MARC view
Entry Topical Term
001 - CONTROL NUMBER
- control field: 725958
003 - CONTROL NUMBER IDENTIFIER
- control field: OSt
005 - DATE AND TIME OF LATEST TRANSACTION
- control field: 20241128112954.0
008 - FIXED-LENGTH DATA ELEMENTS
- fixed length control field: 241128|| aca||aabn | a|a d
040 ## - CATALOGING SOURCE
- Original cataloging agency: OSt
- Transcribing agency: OSt
150 ## - HEADING--TOPICAL TERM
- Topical term or geographic name entry element: Economic Dynamics of Rural Middle Classes
670 ## - SOURCE DATA FOUND
- Source citation: Work cat.: (OSt)1220114: Aslany Maryam 476518, Contested capital: Rural middle classes in India, 2020
